00953nam a2200289 i 4500001000300000003000900003005001700012008003900029015001700068020001500085020001500100035002100115040003500136041000800171080000800179080000900187245010500196260004800301300004100349380001700390504002600407650003500433658002800468655003000496700004000526856009700566bgKOSZ 00520220117144223.0981030s1986 pl a f f |000 0 pol aPB 1987/1672 a8301054131 a830105414X a(OCoLC)835888306 aWA NcKOSZ 005/HRdKOSZ 005/HR0 apol a621 a(07)00aPodstawy konstrukcji maszyn.nT. 1 cz. 1 /cpod red. Marka Dietricha ; [aut. Marek Dietrich et al.]. aWarszawa :bPańst. Wydaw. Naukowe,c1986. a335, [1] s. :brys., wykr. ;c24 cm. aKsiążki. aBibliogr. przy rozdz. 4aMaszynyxbudowa i konstrukcje. aInżynieria i technika 4aPodręczniki akademickie1 aDietrich, Marekd(1934-2009)eAutor uhttp://koha.tu.koszalin.pl/cgi-bin/koha/opac-detail.pl?biblionumber=3201yKatalog online BPK